Costa Rica en la encrucijada: los límites del ajuste estructural y los urgentes desafíos de la reforma económica y social /
Discurso de presentación del libro: Costa Rica hacia el siglo XXI. Balance de las reformas económicas 1983-1998, Campus Omar Dengo, Heredia, 16 de setiembre de 1999
Gardado en:
| Autor Principal: | |
|---|---|
| Formato: | Texto |
| Idioma: | Spanish |
| Etiquetas: |
Engadir etiqueta
Sen Etiquetas, Sexa o primeiro en etiquetar este rexistro!
|
MARC
| LEADER | 00000 a a2200000 04500 | ||
|---|---|---|---|
| 001 | 5427 | ||
| 003 | cru CIDCACS/IIS | ||
| 005 | 20191101112656.0 | ||
| 008 | 191101b ||||| |||| 00| 0 spa d | ||
| 999 | |c 42564 |d 42564 | ||
| 040 | |c cru CIDCACS/IIS | ||
| 100 | |a Mora Jiménez, Henry Manuel | ||
| 245 | 1 | |a Costa Rica en la encrucijada: |b los límites del ajuste estructural y los urgentes desafíos de la reforma económica y social / |c Henry Manuel Mora Jiménez | |
| 300 | |a páginas 5-14 | ||
| 520 | |a Discurso de presentación del libro: Costa Rica hacia el siglo XXI. Balance de las reformas económicas 1983-1998, Campus Omar Dengo, Heredia, 16 de setiembre de 1999 | ||
| 942 | |2 ddc |c PP | ||
| 773 | 0 | |0 42207 |9 3686 |a Universidad Nacional de Costa Rica |d San José, Costa Rica: UNA, 1996- |o 18411-SIABUC-3 |t Revista Economía y Sociedad / |x 14091070 | |
